An account of the kingdom of nepal: (Record no. 156113)

MARC details
000 -LEADER
fixed length control field 00619nam a22001817a 4500
005 - DATE AND TIME OF LATEST TRANSACTION
control field 20180820145829.0
010 ## - LCCN (DPL NO)
LC control number ENG-123740
020 ## - INTERNATIONAL STANDARD BOOK NUMBER
International Standard Book Number 9788170263067
Terms of availability 995.00
035 ## - SYSTEM CONTROL NUMBER
System control number EN-107272
037 ## - SOURCE OF ACQUISITION
Source of stock number/acquisition DBAD/PUB.
082 ## - DEWEY DECIMAL CLASSIFICATION NUMBER
Classification number 954.61
100 ## - MAIN ENTRY--PERSONAL NAME
Personal name Hamilton, Farancis
245 ## - TITLE STATEMENT
Title An account of the kingdom of nepal:
Statement of responsibility, etc by Farancis Hamilton
Remainder of title and of the territories annexed to this dominion by house of gorkha /
260 ## - PUBLICATION, DISTRIBUTION, ETC. (IMPRINT)
Place of publication, distribution, etc New Delhi
Name of publisher, distributor, etc Heritage Publishers
Date of publication, distribution, etc 2018
270 ## - ADDRESS
Address 19-A, Ansari Road, Daryaganj,
City New Delhi
Postal code 110002
300 v# - PHYSICAL DESCRIPTION
Extent 314p.
Dimensions 21cm(Hb)
Other physical details ill.
942 ## - ADDED ENTRY ELEMENTS (KOHA)
Source of classification or shelving scheme Dewey Decimal Classification
Item type English Books
Call number suffix HAM
Classification part 954.61
Holdings
Withdrawn status Lost status Not for loan Collection code Home library Current library Date acquired Source of acquisition Cost, normal purchase price Full call number Barcode Copy number Cost, replacement price Koha item type
    Not For Loan Non-fiction D.B.Act.Division Patel Nagar 20/08/2018 DBAD/PUB 995.00 954.61 HAM EN-107272 1 995.00 English Books

© Delhi Public Library
Hit Counter
free hit counter